| 000 | 00964cad a22002175a 4500 | ||
|---|---|---|---|
| 001 | L154621 | ||
| 008 | 120106e20111223xxk 000 0 eng d | ||
| 035 | _a(Sirsi) u154621 | ||
| 041 | 0 | _aeng | |
| 110 | 2 |
_aUnited Kingdom _bDepartment for Communities and Local Government _94939 |
|
| 245 | 0 | 0 |
_aReview to examine institutional investment in private rented homes _h[electronic resource] |
| 260 | _c2011 | ||
| 490 |
_aDCMS News Release _v23 December 2011 |
||
| 520 | _aSir Adrian Montague has been appointed to lead a review of the potential for institutional investment in the UK private rented sector. | ||
| 590 | _aKA NTK | ||
| 650 | 2 | 4 | _aLAYING THE FOUNDATIONS A HOUSING STRATEGY FOR ENGLAND |
| 651 | 4 |
_aEngland and Wales _y1543- |
|
| 690 | _aPROPERTY-RESIDENTIAL PROPERTY-DOMESTIC RESIDENTIAL PROPERTY-HOUSING | ||
| 856 | 4 | 0 |
_uhttps://www.communities.gov.uk/news/corporate/2057868 _zView this item free of charge at www.communities.gov.uk |
| 942 |
_n0 _2ddc |
||
| 999 |
_c83685 _d83685 |
||